00691 a2200205 4500240009900000502002300099653002600122100001900148245008200167300001500249650002200264650003700286650001400323130000700337710009400344041000700438041000700445653002300452651001000475 aL'Utilisation des sous-produits agro-industriels dans l'alimentation des ruminants domestiques aThèse d'exercice1 aSciences agronomiques aKoné, Sibiri aThe Use of agro-industrial by products in the nutrition of ruminant livestock aXII-113 p. aANIMAL DOMESTIQUE aALIMENT POUR ANIMAUX DE COMPAGNE aNUTRITION lEn aAbomey-Calavi, Université nationale du Bénin, Faculté des Sciences Agronomiques, BJ bEn bFr 1aProduction animale aBENIN